[Event "DEN-chT1 Gr2 1718"]
[Site "Denmark"]
[Date "2017.11.19"]
[Round "1"]
[White "Madsen, Jens Ingemann"]
[Black "Poulsen, Ole Trost"]
[Result "1-0"]
[WhiteElo "1954"]
[BlackElo "1925"]
[PlyCount "95"]
[EventDate "2017.11.19"]
[EventType "team-tourn"]
[EventRounds "7"]
[EventCountry "DEN"]
[SourceTitle "EXT 2019"]
[Source "ChessBase"]
[SourceDate "2018.10.10"]
[SourceVersion "1"]
[SourceVersionDate "2018.10.10"]
[SourceQuality "1"]
[WhiteTeam "Kolding Springeren"]
[BlackTeam "Haderslev"]
[WhiteTeamCountry "DEN"]
[BlackTeamCountry "DEN"]

1. e4 c6 2. d4 d5 3. e5 Bf5 4. Ne2 e6 5. Ng3 Bg6 6. h4 h6 7. h5 Bh7 8. Bd3 Bxd3 9. cxd3 Qb6 10. Ne2 Nd7 11. Nbc3 Ne7 12. g4 g6 13. Na4 Qc7 14. Be3 gxh5 15. Rxh5 Ng6 16. f4 0-0-0 17. a3 Re8 18. b4 Bg7 19. Rc1 Kb8 20. Nac3 Qd8 21. Kf2 f5 22. gxf5 exf5 23. Ng3 Ne7 24. b5 c5 25. Nce2 cxd4 26. Nxd4 Nxe5 27. Ngxf5 Nxf5 28. Nxf5 Rhg8 29. fxe5 Bxe5 30. d4 Bg3+ 31. Nxg3 Rxe3 32. Kxe3 Rxg3+ 33. Kf4 Qd6+ 34. Re5 Rg5 35. Qe1 Qf6+ 36. Ke3 Rxe5+ 37. dxe5 Qxe5+ 38. Kd3 Qf5+ 39. Kd4 Qf4+ 40. Kxd5 Qf3+ 41. Qe4 Qf7+ 42. Kd6 Qf8+ 43. Kd7 Qg7+ 44. Qe7 Qg4+ 45. Ke8 Qh5+ 46. Kf8 Qf3+ 47. Kg7 Qg2+ 48. Kh7 1-0